00360 2200145 4500001002100000005001500021035002000036245006300056100002800119300001100147260002200158082000800180084001400188990001200202INLIS00000000000201120250527084507 a0010-05250003031 aRahasia Mahkota Raja Archimedes /cLiu Si Yuan, Li Lian Bu0 aLiu Si Yuan, Li Lian Bu a32 hlm bPakar Raya,c2007 a500 a500 LIU r a0713209